[Event "GER-chT U16"]
[Site "Uelzen"]
[Date "2007.12.27"]
[Round "2.2"]
[White "Lobmeyer, Fabian"]
[Black "Dorenkamp, Marc"]
[Result "1/2-1/2"]
[WhiteElo "1648"]
[BlackElo "2013"]
[PlyCount "113"]
[EventDate "2007.12.27"]
[EventType "team-swiss"]
[EventRounds "7"]
[EventCountry "GER"]
[SourceTitle "EXT 2022"]
[Source "ChessBase"]
[SourceDate "2021.10.06"]
[SourceVersion "1"]
[SourceVersionDate "2021.10.06"]
[SourceQuality "1"]
[WhiteTeam "Stuttgart Wolfbusch U16"]
[BlackTeam "Paderborn U16"]
[WhiteTeamCountry "GER"]
[BlackTeamCountry "GER"]

1. d4 Nf6 2. c4 c5 3. d5 e6 4. Nc3 exd5 5. cxd5 d6 6. e4 g6 7. h3 Bg7 8. Nf3 a6 9. a4 0-0 10. Bd3 Nbd7 11. Bf4 Qc7 12. Nd2 Nh5 13. Bh2 Nb6 14. 0-0 Re8 15. Re1 Qe7 16. Re2 Qc7 17. Qf1 c4 18. Bc2 Nd7 19. Rae1 Ne5 20. Kh1 g5 21. Re3 Nf4 22. Nf3 Nfd3 23. Bxd3 Nxd3 24. Rb1 g4 25. hxg4 Bxg4 26. Bg3 Qd7 27. Qg1 f5 28. exf5 Bxf5 29. Nh4 Rxe3 30. fxe3 Rf8 31. e4 Bg4 32. Qb6 Rf6 33. b3 Rh6 34. Kg1 Bxc3 35. bxc4 Nc5 36. Bf2 Nxe4 37. Qe3 Nxf2 38. Qxh6 Bd4 39. Kh2 Be5+ 40. g3 Bf3 41. Qg5+ Kh8 42. Nxf3 Qh3+ 43. Kg1 Qh1+ 44. Kxf2 Qxb1 45. Nxe5 Qb2+ 46. Kf3 dxe5 47. Qe3 Qa1 48. c5 Qh1+ 49. Kg4 Qxd5 50. Kf5 Qd7+ 51. Kf6 Qg7+ 52. Ke6 Qg6+ 53. Ke7 e4 54. Kf8 Qf6+ 55. Ke8 Qe6+ 56. Kf8 Qe5 57. g4 1/2-1/2

[Event "NRW U14 op"]
[Site "Olpe"]
[Date "2005.10.02"]
[Round "3.3"]
[White "Strathoff, Jens"]
[Black "Lobmeyer, Fabian"]
[Result "1/2-1/2"]
[WhiteElo "2028"]
[BlackElo "1654"]
[PlyCount "95"]
[EventDate "2005.10.01"]
[EventType "swiss"]
[EventRounds "7"]
[EventCountry "GER"]
[SourceTitle "CBM 108 Extra"]
[Source "ChessBase"]
[SourceDate "2005.11.04"]
[SourceVersion "1"]
[SourceVersionDate "2005.11.04"]
[SourceQuality "1"]

1. e4 c5 2. Nf3 e6 3. d4 cxd4 4. Nxd4 Nc6 5. Be2 Qc7 6. 0-0 Nf6 7. Nc3 a6 8. Be3 Be7 9. Qd2 0-0 10. f3 d6 11. Kh1 Ne5 12. Nb3 b5 13. Rac1 Rd8 14. Bf2 d5 15. exd5 Nxd5 16. Nxd5 Rxd5 17. Qe3 Nc4 18. Bxc4 bxc4 19. Bg3 Bd6 20. Nd2 Bxg3 21. hxg3 Qc5 22. Qxc5 Rxc5 23. Ne4 Rd5 24. Rfd1 Bb7 25. Nc3 Rh5+ 26. Kg1 Bd5 27. g4 Rg5 28. Rd2 Rb8 29. b3 cxb3 30. cxb3 g6 31. Rcd1 Rd8 32. Ne4 Re5 33. Nf6+ Kg7 34. Nxd5 Rexd5 35. Rxd5 exd5 36. Kf2 Kf6 37. g3 Rc8 38. Rd2 d4 39. f4 Ke6 40. Rxd4 Rc2+ 41. Ke3 Rxa2 42. Rd3 Ra5 43. Ke4 f5+ 44. Kf3 Rd5 45. gxf5+ gxf5 46. Rc3 h6 47. Kg2 Rd6 48. Kf3 1/2-1/2

[Event "NRW U14 op"]
[Site "Olpe"]
[Date "2005.10.01"]
[Round "2.6"]
[White "Lobmeyer, Fabian"]
[Black "Bock, Lukas"]
[Result "1-0"]
[WhiteElo "1654"]
[BlackElo "1298"]
[PlyCount "71"]
[EventDate "2005.10.01"]
[EventType "swiss"]
[EventRounds "7"]
[EventCountry "GER"]
[SourceTitle "CBM 108 Extra"]
[Source "ChessBase"]
[SourceDate "2005.11.04"]
[SourceVersion "1"]
[SourceVersionDate "2005.11.04"]
[SourceQuality "1"]

1. d4 d5 2. c4 c6 3. Nc3 Nf6 4. e3 Bf5 5. cxd5 cxd5 6. Qb3 Qd7 7. Nf3 Nc6 8. Ne5 Qc7 9. Nxd5 Nxd5 10. Qxd5 e6 11. Qb5 a6 12. Qa4 Bb4+ 13. Bd2 Bxd2+ 14. Kxd2 0-0 15. Nxc6 bxc6 16. Rc1 Rfc8 17. Rc5 Qb6 18. b3 Bg6 19. Bd3 Bxd3 20. Kxd3 Ra7 21. Rhc1 Rac7 22. Qa5 Qa7 23. Rxc6 Rxc6 24. Rxc6 Re8 25. Qxa6 Qd7 26. b4 e5 27. f3 exd4 28. e4 Kh8 29. Rc4 Rd8 30. Qc6 Qa7 31. a4 Qe7 32. Qc7 Qg5 33. f4 Qf6 34. Rc6 Qh4 35. g3 Re8 36. gxh4 1-0

[Event "GER-ch U12"]
[Site "Willingen"]
[Date "2005.05.21"]
[Round "11"]
[White "Endress, Anna"]
[Black "Lobmeyer, Fabian"]
[Result "1/2-1/2"]
[WhiteElo "1725"]
[BlackElo "1616"]
[PlyCount "83"]
[EventDate "2005.05.14"]
[EventType "swiss"]
[EventRounds "11"]
[EventCountry "GER"]
[SourceTitle "CBM 106 Extra"]
[Source "ChessBase"]
[SourceDate "2005.07.01"]
[SourceVersion "1"]
[SourceVersionDate "2005.07.01"]
[SourceQuality "1"]

1. e4 c5 2. Nf3 Nc6 3. Nc3 Nf6 4. g3 d6 5. Bg2 g6 6. 0-0 Bg7 7. d3 0-0 8. h3 a6 9. a4 Rb8 10. Be3 b5 11. e5 Nd7 12. e6 Nde5 13. Nxe5 Nxe5 14. f4 Bxe6 15. fxe5 Bxe5 16. axb5 axb5 17. Qf3 Qc8 18. Kh2 b4 19. Nd1 b3 20. c3 c4 21. Bh6 Bg7 22. Bxg7 Kxg7 23. d4 Bd7 24. Ne3 Bb5 25. Ra7 Qe6 26. Qe4 Qxe4 27. Bxe4 e6 28. Rfa1 d5 29. Bf3 Bc6 30. Ng4 Ra8 31. Ne5 Rxa7 32. Rxa7 Be8 33. Kg2 Kf6 34. Kf2 Rh8 35. Ke3 h6 36. h4 h5 37. Kf4 Rh7 38. Bg2 Rg7 39. Nf3 Rg8 40. Ng5 Rh8 41. Bh3 Rh6 42. Ra8 1/2-1/2

[Event "GER-ch U12"]
[Site "Willingen"]
[Date "2004.06.04"]
[Round "11"]
[White "Lobmeyer, Fabian"]
[Black "Guennigmann, Manuel"]
[Result "1/2-1/2"]
[WhiteElo "1522"]
[BlackElo "1383"]
[PlyCount "56"]
[EventDate "2004.06.??"]
[EventType "swiss"]
[EventRounds "11"]
[EventCountry "GER"]
[SourceTitle "EXT 2005"]
[Source "ChessBase"]
[SourceDate "2004.11.15"]
[SourceVersion "1"]
[SourceVersionDate "2004.11.15"]
[SourceQuality "1"]

1. d4 d5 2. c4 e6 3. Nc3 Nf6 4. Bg5 Nbd7 5. cxd5 exd5 6. e3 c6 7. Nf3 Be7 8. Qc2 0-0 9. Bd3 Re8 10. 0-0 Ne4 11. Nxe4 dxe4 12. Bxe4 Bxg5 13. Bxh7+ Kh8 14. Qf5 Nf6 15. Qxg5 Nxh7 16. Qxd8 Rxd8 17. Ne5 Kg8 18. Rad1 f6 19. Nc4 Be6 20. b3 Bxc4 21. bxc4 Rac8 22. a4 f5 23. f3 Nf6 24. Rb1 Rd7 25. Rb3 Re8 26. Rd1 Kf7 27. Kf2 Ke7 28. Rbd3 Red8 1/2-1/2

[Event "GER-ch U12"]
[Site "Willingen"]
[Date "2004.05.30"]
[Round "2"]
[White "Nuber, Blasius"]
[Black "Lobmeyer, Fabian"]
[Result "1-0"]
[WhiteElo "1763"]
[BlackElo "1522"]
[PlyCount "45"]
[EventDate "2004.06.??"]
[EventType "swiss"]
[EventRounds "11"]
[EventCountry "GER"]
[SourceTitle "EXT 2005"]
[Source "ChessBase"]
[SourceDate "2004.11.15"]
[SourceVersion "1"]
[SourceVersionDate "2004.11.15"]
[SourceQuality "1"]

1. e4 c5 2. Nf3 d6 3. d4 cxd4 4. Nxd4 Nf6 5. Nc3 g6 6. Be2 Bg7 7. Be3 Bd7 8. f3 0-0 9. Qd2 a6 10. Bh6 b5 11. h4 Qb6 12. 0-0-0 Nc6 13. Nxc6 Bxc6 14. h5 Rfd8 15. Bxg7 Kxg7 16. hxg6 fxg6 17. Qh6+ Kf7 18. g4 Rh8 19. Nd5 Qc5 20. Qf4 Kg7 21. Nxe7 Rad8 22. g5 Ne8 23. Nd5 1-0

[Event "GER-ch U10"]
[Site "Willingen"]
[Date "2003.06.12"]
[Round "9"]
[White "Jussupow, Alexander"]
[Black "Lobmeyer, Fabian"]
[Result "1/2-1/2"]
[WhiteElo "1605"]
[BlackElo "1316"]
[PlyCount "70"]
[EventDate "2003.06.08"]
[EventType "swiss"]
[EventRounds "11"]
[EventCountry "GER"]
[SourceTitle "CBM 094 Extra"]
[Source "ChessBase"]
[SourceDate "2003.07.09"]
[SourceVersion "2"]
[SourceVersionDate "2003.07.09"]
[SourceQuality "1"]

1. d4 Nf6 2. Nf3 e6 3. e3 d5 4. Bd3 Bd6 5. Nbd2 0-0 6. 0-0 Nbd7 7. b3 c5 8. Bb2 b6 9. c4 Bb7 10. Qc2 Qc7 11. h3 h6 12. e4 dxe4 13. Nxe4 Nxe4 14. Bxe4 Bxe4 15. Qxe4 Nf6 16. Qc2 Nd7 17. Qc3 Nf6 18. dxc5 Qxc5 19. Rad1 Rad8 20. Qc1 Be7 21. Bd4 Qf5 22. Qc3 Rd6 23. Be5 Rxd1 24. Rxd1 Rd8 25. Rxd8+ Bxd8 26. Qd4 Be7 27. Kh2 Bc5 28. Qd8+ Kh7 29. Qd2 Ne4 30. Qb2 f6 31. Bd4 Bxd4 32. Qxd4 Qf4+ 33. Kh1 Qc1+ 34. Kh2 Qf4+ 35. Kh1 Qc1+ 1/2-1/2

[Event "GER-ch U10"]
[Site "Willingen"]
[Date "2003.06.08"]
[Round "2"]
[White "Lobmeyer, Fabian"]
[Black "Lerch, Matthias"]
[Result "0-1"]
[WhiteElo "1316"]
[BlackElo "1150"]
[PlyCount "130"]
[EventDate "2003.06.08"]
[EventType "swiss"]
[EventRounds "11"]
[EventCountry "GER"]
[SourceTitle "CBM 094 Extra"]
[Source "ChessBase"]
[SourceDate "2003.07.09"]
[SourceVersion "2"]
[SourceVersionDate "2003.07.09"]
[SourceQuality "1"]

1. e4 e6 2. d4 d5 3. exd5 exd5 4. Nc3 Nc6 5. Bb5 Bd7 6. Nxd5 a6 7. Bxc6 Bxc6 8. Ne3 Nf6 9. c3 Bd6 10. Nf3 0-0 11. 0-0 Qd7 12. d5 Bxd5 13. Nxd5 Nxd5 14. c4 Nf6 15. Bg5 Qe6 16. b3 Rad8 17. Qc2 Be7 18. Rfe1 Qd7 19. Rad1 Qe8 20. Bxf6 Rxd1 21. Qxd1 gxf6 22. Nh4 Qd8 23. Qxd8 Bxd8 24. Nf5 c6 25. Nd6 b6 26. b4 Bc7 27. Ne8 Be5 28. f4 Rxe8 29. fxe5 fxe5 30. Rd1 Re6 31. c5 bxc5 32. bxc5 Kg7 33. Kf2 f6 34. Kf3 Kg6 35. g4 f5 36. gxf5+ Kxf5 37. a4 a5 38. Rb1 Re7 39. Rb8 Rd7 40. Rf8+ Kg6 41. Ke4 Rd5 42. Rc8 Rxc5 43. h3 h6 44. Re8 Kf6 45. Rh8 Kg6 46. Re8 Rc3 47. Kxe5 Re3+ 48. Kd6 Rxe8 49. Kxc6 Re4 50. Kb5 Re5+ 51. Kb6 Kg5 52. Kc6 Kf4 53. Kd6 Re4 54. h4 Kg4 55. Kd5 Rxa4 56. Kc5 Kxh4 57. Kb5 Rf4 58. Kxa5 Kg4 59. Kb5 h5 60. Kc5 h4 61. Kd5 h3 62. Ke5 h2 63. Ke6 h1Q 64. Ke5 Qe1+ 65. Kd5 Rf2 0-1